logo

Bir Sreshtho Munshi Abdur Rouf Library
Jhenaidah Cadet College

হিমালয়ে রিবিট / (Record no. 277)

MARC details
000 -LEADER
fixed length control field 00689nam a2200229 a 4500
001 - CONTROL NUMBER
JCCL Control Number 277
003 - CONTROL NUMBER IDENTIFIER
JCCL marc code BD-JhCC
005 - DATE AND TIME OF LATEST TRANSACTION
control field 20200413134008.0
008 - FIXED-LENGTH DATA ELEMENTS--GENERAL INFORMATION
fixed length control field 171003r2015 beg |||| |||| 000 0 beg d
020 ## - INTERNATIONAL STANDARD BOOK NUMBER
International Standard Book Number 9789849122227
035 ## - SYSTEM CONTROL NUMBER
system control number (BD-JhCC)277
040 ## - CATALOGING SOURCE
Original cataloging agency BD-JhCC
Modifying agency BD-JhCC
041 ## - LANGUAGE CODE
Language code of Book ben
082 ## - DEWEY DECIMAL CLASSIFICATION NUMBER
Classification number 891.4
Author mark and Year AHA 2015
DDC Edition number 2015
100 ## - MAIN ENTRY--PERSONAL NAME
Personal name আহমেদ, মোশতাক
245 ## - TITLE STATEMENT
Title হিমালয়ে রিবিট /
Statement of responsibility, etc মোশতাক আহমেদ
260 ## - PUBLICATION, DISTRIBUTION, ETC. (IMPRINT)
Place of publication, distribution, etc ঢাকা :
Name of publisher, distributor, etc অনিন্দ্য প্রকাশ,
Date of publication, distribution, etc 2015.
300 ## - PHYSICAL DESCRIPTION
Pagination ১২৭, পৃ.:
Dimensions ২২ সেমি
650 ## - SUBJECT ADDED ENTRY--TOPICAL TERM
Topical term or geographic name as entry element Bangali fiction
942 ## - ADDED ENTRY ELEMENTS (KOHA)
Source of classification or shelving scheme Dewey Decimal Classification
Koha item type Books
Koha issues (borrowed), all copies 4
Holdings
Source of classification or shelving scheme Damaged status Not for loan Home library Current library Shelving location Source of acquisition Cost, normal purchase price Total Checkouts Full call number Barcode Date last seen Date checked out Copy number Koha item type
Dewey Decimal Classification     JCC Rouf Library JCC Rouf Library General Stacks আবু দাউদ খান 200.00 2 891.4 AHA 2015 1484 04/19/2020 04/12/2020 C-1 Books

JCC Library | Contacts | JCC Home

Last Update on 23 September 2017
Copyright @ 2017-2020 JCC Rouf Library
Rouf Library, Jhenidah Cadet College (JCC), Bangladesh